000 00383nam a2200145Ia 4500
008 240624s9999 xx 000 0 und d
041 _aeng
082 _a658.872 LEW
100 _aLEWIS ROBIN
245 _aNEW RULES OF RETAIL COMPETING IN THE WOR
250 _a(2nd ed.)
260 _c2014
_aNew York
_bPalgrave Macmillan
300 _axvii, : 250 : p. : cm. ; 24
365 _c
_b50
999 _c27344
_d27344